Estatísticas para Cultura Geral

Clique aqui para jogar o quiz

Estatísticas Gerais

  • Esse quiz foi jogado 29 vezes
  • A pontuação média é 10 de 15

Estatísticas das Respostas

HintResposta% Correto
Qual foi o primeiro país a possuir armas nucleares?Estados Unidos
100%
Que país foi atacado com armas nucleares durante a Segunda Guerra Mundial?Japão
100%
Que elefante fictício podia voar, graças às suas orelhas gigantes?Dumbo
96%
Que empresa Bill Gates e Paul Allen fundaram em 1975?Microsoft
87%
Que cidade circunda completamente a Cidade do Vaticano?Roma
87%
Que parente próximo do elefante viveu em climas frios e foi extinto por volta de 1650 aC?Mamute
78%
Qual é a dança típica da Argentina?Tango
78%
Que país, que começa com a letra B, tem mais elefantes selvagens?Botswana
74%
Qual país tem mais elefantes asiáticos?Índia
74%
Que cidade é conhecida como a cidade que nunca dorme?Nova Iorque
70%
Qual é o único país do mundo onde algumas rodovias não têm limite de velocidade?Alemanha
48%
Que tipo de elefantes são considerados sagrados na Tailândia?Elefante Branco
43%
Que país, além da China e Taiwan, tem a maioria dos cidadãos de língua chinesa?Singapura
43%
Qual é o termo em espanhol para uma praça da cidade?Plaza
35%
Qual é o filme mais famoso estrelado por Judy Garland?Feiticeiro de Oz
4%

Distribuição das Pontuações

Percentil de Números Respondidos

Porcentagem de Pessoas com Cada Pontuação

Sua Pontuação Histórica

Você não jogou esse quiz